Lloyds Bank plc and Rosset and another (Record no. 24309)
[ view plain ]
| 000 -LEADER | |
|---|---|
| fixed length control field | 01320cab a2200181 4500 |
| 001 - CONTROL NUMBER | |
| control field | ABS42592 |
| 008 - FIXED-LENGTH DATA ELEMENTS--GENERAL INFORMATION | |
| fixed length control field | 090401t1990 xxu||||| |||| 00| 0 eng d |
| 035 ## - SYSTEM CONTROL NUMBER | |
| System control number | (Sirsi) u37743 |
| 041 ## - LANGUAGE CODE | |
| Language code of text/sound track or separate title | eng |
| 245 ## - TITLE STATEMENT | |
| Title | Lloyds Bank plc and Rosset and another |
| 260 ## - PUBLICATION, DISTRIBUTION, ETC. | |
| Date of publication, distribution, etc. | 1990 |
| 350 ## - PRICE (NR) (BK AM CF MU VM SE) [OBSOLETE] | |
| Price | 0 |
| 490 ## - SERIES STATEMENT | |
| Series statement | Weekly Law Reports |
| Volume/sequential designation | (1990) 2 WLR 867-879(13) |
| 520 ## - SUMMARY, ETC. | |
| Summary, etc. | HL 29 March 1990. A husband and wife bought a house with money from the husband`s family trust . The trustees insisted that the property be in the husband`s name only. The husband took out an extra loan from Lloyds Bank (L) to renovate the house and later default ed on repayments. L began proceedings towards repossession . The husband and wife had by then split up. The wife, (R), appealed that she had an overriding interest in the property under Land Registration Act 1925 s20(1) and s70(1)(g) by being in occupation . HL found that the date of transfer of the estate, not of its registration , was the relevant date in determining existence of a claim to overriding interest. The court also considered intention between R and her husband that R should have a beneficial interest in the property and also R`s contribution of time and effort in renovating the property. |
| 690 ## - LOCAL SUBJECT ADDED ENTRY--TOPICAL TERM (OCLC, RLIN) | |
| Topical term or geographic name as entry element | PROPERTY LAW AND PRACTICE-CASE LAW |
| 942 ## - ADDED ENTRY ELEMENTS (KOHA) | |
| Suppress in OPAC | 0 |
| 948 ## - LOCAL PROCESSING INFORMATION (OCLC); SERIES PART DESIGNATOR (RLIN) | |
| c (OCLC) | 04/03/1997 |
| Withdrawn status | Lost status | Source of classification or shelving scheme | Damaged status | Not for loan | Home library | Current library | Shelving location | Date acquired | Total Checkouts | Full call number | Barcode | Date last seen | Copy number | Price effective from | Koha item type |
|---|---|---|---|---|---|---|---|---|---|---|---|---|---|---|---|
| Dewey Decimal Classification | London | London | Journal article | 14/09/1999 | ABS42592 | 37743-1001 | 06/08/2019 | 1 | 06/08/2019 | Law report |